书目信息 |
| 题名: |
老HR手把手教你搞定绩效管理
|
|
| 作者: | 吴新刚 , 刘蕊 著 | |
| 分册: | ||
| 出版信息: | 北京 北京联合出版公司 2019.11 |
|
| 页数: | 303页 | |
| 开本: | 23cm | |
| 丛书名: | ||
| 单 册: | ||
| 中图分类: | F272.5 | |
| 科图分类: | ||
| 主题词: | 企业绩效--qi ye ji xiao--企业管理 | |
| 电子资源: | ||
| ISBN: | 978-7-5596-3491-7 | |
| 000 | 01003nam0 2200265 450 | |
| 001 | CAL 0120192889765 | |
| 005 | 20230217093113.0 | |
| 010 | @a978-7-5596-3491-7@dCNY68.00 | |
| 100 | @a20191106d2019 em y0chiy0120 ea | |
| 101 | 0 | @achi |
| 102 | @aCN@b110000 | |
| 105 | @aak a 000yy | |
| 106 | @ar | |
| 200 | 1 | @a老HR手把手教你搞定绩效管理@Alao HR shou ba shou jiao ni gao ding ji xiao guan li@f吴新刚, 刘蕊著 |
| 210 | @a北京@c北京联合出版公司@d2019.11 | |
| 215 | @a303页@c图@d23cm | |
| 314 | @a吴新刚, 九惟咨询创始人、首席咨询人。刘蕊, 首都经贸大学企业管理系研究生毕业。 | |
| 320 | @a有书目 (第3030页) | |
| 330 | @a本书以绩效管理全流程的各个环节为线索, 为每个环节的执行要点提炼出相应的技能点, 并提供了大量可直接复制使用的表单模板, 帮助HR轻松应对绩效管理过程中的难点、困惑。 | |
| 606 | 0 | @a企业绩效@Aqi ye ji xiao@x企业管理 |
| 690 | @aF272.5@v5 | |
| 701 | 0 | @a吴新刚@Awu xin gang@4著 |
| 701 | 0 | @a刘蕊@Aliu rui@4著 |
| 801 | 0 | @aCN@bBJXHZP@c20230228 |
| 905 | @b1381138-41@dF272.5@e1943@f4 | |
| 老HR手把手教你搞定绩效管理/吴新刚, 刘蕊著.-北京:北京联合出版公司,2019.11 |
| 303页:图;23cm |
| ISBN 978-7-5596-3491-7:CNY68.00 |
| 本书以绩效管理全流程的各个环节为线索, 为每个环节的执行要点提炼出相应的技能点, 并提供了大量可直接复制使用的表单模板, 帮助HR轻松应对绩效管理过程中的难点、困惑。 |
| ● |
| 相关链接 |
|
|
|
|
正题名:老HR手把手教你搞定绩效管理
索取号:F272.5/1943
 
预约/预借
| 序号 | 登录号 | 条形码 | 馆藏地/架位号 | 状态 | 备注 |
| 1 | 1381138 | 213811384 | 第一样本阅览室/ [索取号:F272.5/1943] | 在馆 | |
| 2 | 1381139 | 213811393 | 第一借阅区/ [索取号:F272.5/1943] | 在馆 | |
| 3 | 1381140 | 213811400 | 第一借阅区/ [索取号:F272.5/1943] | 在馆 | |
| 4 | 1381141 | 213811419 | 第一借阅区/ [索取号:F272.5/1943] | 在馆 |